Statistics for Top Ten Most Frequently Used Words in Latin

Click here to take the quiz!

General Stats

  • This quiz has been taken 198 times
  • The average score is 6 of 10

Answer Stats

HintAnswer% Correct
1. andEt
96%
9. you (singular)Tu, Tui, Tibi, Te
77%
6. notNon
75%
5. in, into, onIn
69%
3. who, which, thatQui, Quae, Quod
69%
2. to be, existSum, Esse, Fui
68%
10. withCum
54%
4. and-que
46%
7. this, theseHic, Haec, Hoc
42%
8. that, thoseIlle, Illa, Illud
32%

Score Distribution

Percentile by Number Answered

Percent of People with Each Score

Your Score History

You have not taken this quiz